000 00499cam a22002171 4500
001 sa 64006011
003 DLC
005 20260227112036.0
008 900205s1964 ii 000 0 pano
010 _asa 64006011
035 _a(OCoLC)21004489
040 _aDLC
_cWaU
_dDLC
042 _apremarc
050 0 0 _aPK2659.K6
_bN8
100 1 _aKomala, Amara,
_d1933-
245 1 0 _aNūra de phulla.
260 _c[1964]
300 _a112 p.
_c19 cm.
500 _aIn Panjabi.
500 _aPoems.
999 _c59468
_d59468